000 00447nam a2200181Ia 4500
001 13337
005 20260306164754.0
008 260306t2010||||xx |||||||||||||| ||spa||
041 _aESP
082 _a001.42
_bS781
100 _aStake, Robert E.
_eAUT
245 0 _aQualitative research:
_bstudying how things work
260 _c2010
300 _aix, 244 páginas :
_c23 cm.
650 _aGEN
654 _aCHU
942 _cLIB
_dJUS
_fJUS
_2ddc
_n
999 _c13337
_d13337